[Event "Belgrade Trophy 36th"]
[Site "Belgrade"]
[Date "2023.11.28"]
[Round "4"]
[White "Popovic, Aleksandar M"]
[Black "Nastic, Veselin"]
[Result "1/2-1/2"]
[WhiteElo "2149"]
[BlackElo "1897"]
[PlyCount "107"]
[EventDate "2023.11.25"]
[EventType "swiss"]
[EventRounds "9"]
[EventCountry "SRB"]
[SourceTitle "CB49_2023"]
[SourceDate "2023.12.06"]
[SourceVersion "1"]
[SourceVersionDate "2023.12.06"]
[SourceQuality "1"]

1. e4 c6 2. Nc3 d5 3. Nf3 Bg4 4. h3 Bxf3 5. Qxf3 e6 6. d4 Nf6 7. Bg5 dxe4 8. Nxe4 Nbd7 9. Bd3 Be7 10. 0-0-0 Nxe4 11. Bxe7 Qxe7 12. Bxe4 0-0 13. Rhe1 Nf6 14. Bd3 Rfd8 15. g4 Qc7 16. Kb1 Nd7 17. g5 Nf8 18. h4 c5 19. dxc5 Qxc5 20. Be4 Rxd1+ 21. Rxd1 Rc8 22. c3 b5 23. Qf4 Qb6 24. h5 Rd8 25. Rxd8 Qxd8 26. Kc1 Qe7 27. Qe3 Qc7 28. Bd3 a6 29. f4 Nd7 30. Bc2 g6 31. h6 Qd6 32. b4 f6 33. Bb3 Kf7 34. Kb2 fxg5 35. fxg5 Nb6 36. Qf2+ Ke8 37. Kc2 Nd7 38. a4 Qe5 39. axb5 axb5 40. Qg2 Ke7 41. Kb2 Kd6 42. Qd2+ Ke7 43. Kc2 Qd6 44. Qg2 Ne5 45. Qe2 Qa6 46. Kb2 Nd7 47. c4 bxc4 48. Bxc4 Qd6 49. Ka3 Qe5 50. Qg2 Qc3+ 51. Bb3 Qd4 52. Qc6 Qa7+ 53. Kb2 Qd4+ 54. Ka3 1/2-1/2

[Event "Belgrade Serbia op"]
[Site "Belgrade"]
[Date "2023.07.23"]
[Round "8"]
[White "Popovic, Aleksandar M"]
[Black "Tenuunbold, Battulga"]
[Result "0-1"]
[WhiteElo "2195"]
[BlackElo "2002"]
[PlyCount "90"]
[EventDate "2023.07.16"]
[EventType "swiss"]
[EventRounds "9"]
[EventCountry "SRB"]
[SourceTitle "EXT 2024"]
[Source "ChessBase"]
[SourceDate "2023.10.10"]
[SourceVersion "1"]
[SourceVersionDate "2023.10.10"]
[SourceQuality "1"]

1. Nf3 d5 2. g3 Nf6 3. Bg2 e6 4. 0-0 c5 5. d3 Be7 6. Nbd2 Nc6 7. e4 0-0 8. Re1 b5 9. e5 Nd7 10. Nf1 Qc7 11. Bf4 Bb7 12. h4 Rfc8 13. Ne3 Bf8 14. Nxd5 exd5 15. e6 Bd6 16. Bxd6 Qxd6 17. exd7 Qxd7 18. Ng5 Rf8 19. a4 b4 20. a5 a6 21. c3 h6 22. Nh3 bxc3 23. bxc3 d4 24. Qh5 dxc3 25. Qxc5 Rac8 26. Qd5 Qxd5 27. Bxd5 Rfd8 28. Be4 c2 29. Rec1 Nxa5 30. Bxb7 Nxb7 31. Ra2 Rxd3 32. Raxc2 Rxc2 33. Rxc2 a5 34. Rc8+ Rd8 35. Rc7 Rb8 36. Nf4 a4 37. Nd3 a3 38. Rc2 Nd6 39. Ra2 Rb3 40. Nc5 Rb1+ 41. Kg2 Nb5 42. Nd3 Rb3 43. Nc1 Rb2 44. Kf3 Nd4+ 45. Ke4 Nb3 0-1

[Event "Belgrade Serbia op"]
[Site "Belgrade"]
[Date "2023.07.19"]
[Round "4"]
[White "Popovic, Aleksandar M"]
[Black "Eldho, Skaria"]
[Result "1/2-1/2"]
[WhiteElo "2195"]
[BlackElo "1945"]
[PlyCount "26"]
[EventDate "2023.07.16"]
[EventType "swiss"]
[EventRounds "9"]
[EventCountry "SRB"]
[SourceTitle "CBM 215 Extra"]
[Source "ChessBase"]
[SourceDate "2023.09.30"]
[SourceVersion "1"]
[SourceVersionDate "2023.09.30"]
[SourceQuality "1"]

1. c4 e5 2. g3 Nf6 3. Bg2 d5 4. cxd5 Nxd5 5. Nc3 Nxc3 6. bxc3 Nc6 7. Rb1 Bc5 8. Qc2 0-0 9. Nf3 e4 10. Qxe4 Re8 11. Qc2 Qe7 12. e3 Bg4 13. 0-0 Qf6 1/2-1/2

[Event "SRB-ch sf"]
[Site "Novi Banovci"]
[Date "2023.02.07"]
[Round "2"]
[White "Popovic, Aleksandar M"]
[Black "Drazic, Sinisa"]
[Result "1/2-1/2"]
[WhiteElo "2220"]
[BlackElo "2370"]
[PlyCount "47"]
[EventDate "2023.02.06"]
[EventType "swiss"]
[EventRounds "9"]
[EventCountry "SRB"]
[SourceTitle "CBM 212 Extra"]
[Source "ChessBase"]
[SourceDate "2023.03.31"]
[SourceVersion "1"]
[SourceVersionDate "2023.03.31"]
[SourceQuality "1"]

1. Nf3 Nf6 2. g3 b5 3. Bg2 Bb7 4. b3 e6 5. c4 a6 6. Bb2 c5 7. 0-0 Be7 8. Nc3 bxc4 9. bxc4 Qc7 10. Ba3 d6 11. Rb1 Nbd7 12. d4 cxd4 13. Rxb7 Qxb7 14. Nxd4 Qc8 15. Nc6 Nc5 16. Na4 Nfd7 17. Nxc5 Nxc5 18. Nxe7 Kxe7 19. Bxa8 Qxa8 20. Qd4 e5 21. Qh4+ f6 22. Bxc5 dxc5 23. Qg4 g6 24. Rd1 1/2-1/2

[Event "Belgrade-chT2 Quality"]
[Site "Belgrade"]
[Date "2022.10.28"]
[Round "5.1"]
[White "Popovic, Aleksandar M"]
[Black "Savic, Nemanja"]
[Result "1/2-1/2"]
[WhiteElo "2183"]
[BlackElo "2173"]
[PlyCount "82"]
[EventDate "2022.10.15"]
[EventType "team-tourn"]
[EventRounds "13"]
[EventCountry "SRB"]
[SourceTitle "EXT 2024"]
[Source "ChessBase"]
[SourceDate "2023.10.10"]
[SourceVersion "1"]
[SourceVersionDate "2023.10.10"]
[SourceQuality "1"]
[WhiteTeam "Novi Belgrade Technicka"]
[BlackTeam "Batajnica"]
[WhiteTeamCountry "SRB"]
[BlackTeamCountry "SRB"]

1. e4 c6 2. d4 d5 3. f3 Qb6 4. Bd3 dxe4 5. fxe4 e5 6. Nf3 exd4 7. 0-0 Be6 8. Ng5 Nd7 9. Nxe6 fxe6 10. Qg4 c5 11. Na3 Ngf6 12. Qh3 e5 13. Nc4 Qc6 14. a4 a6 15. g4 Qe6 16. Be2 Be7 17. Qg2 0-0 18. a5 Kh8 19. b3 Ng8 20. Bd2 Rxf1+ 21. Rxf1 Rf8 22. g5 Rxf1+ 23. Qxf1 g6 24. h3 h5 25. gxh6 Ngf6 26. Qg2 Kh7 27. h4 Bf8 28. Bg5 Bxh6 29. Nd2 Bxg5 30. hxg5 Nh5 31. Bg4 Qf7 32. Nf3 Nf8 33. Nxe5 Qf4 34. Bxh5 Qxe5 35. Be2 Ne6 36. Qh3+ Kg8 37. Bc4 Kf7 38. Qh7+ Kf8 39. Qxg6 Qg3+ 40. Kf1 Qf3+ 41. Ke1 Qe3+ 1/2-1/2

[Event "Belgrade-chT2 Quality"]
[Site "Belgrade"]
[Date "2022.10.15"]
[Round "1.1"]
[White "Popovic, Aleksandar M"]
[Black "Lazarevic, Zoran Voj"]
[Result "1-0"]
[WhiteElo "2183"]
[BlackElo "2101"]
[PlyCount "83"]
[EventDate "2022.10.15"]
[EventType "team-tourn"]
[EventRounds "13"]
[EventCountry "SRB"]
[SourceTitle "EXT 2024"]
[Source "ChessBase"]
[SourceDate "2023.10.10"]
[SourceVersion "1"]
[SourceVersionDate "2023.10.10"]
[SourceQuality "1"]
[WhiteTeam "Novi Belgrade Technicka"]
[BlackTeam "Belgrade BASK"]
[WhiteTeamCountry "SRB"]
[BlackTeamCountry "SRB"]

1. e4 c5 2. Nf3 d6 3. d4 cxd4 4. Nxd4 Nf6 5. Nc3 a6 6. Be3 e6 7. g4 h6 8. Qf3 Qc7 9. h4 Nc6 10. Nxc6 bxc6 11. g5 hxg5 12. Bxg5 Nd7 13. 0-0-0 Rb8 14. Qe3 Qb6 15. Qxb6 Nxb6 16. Be2 Bb7 17. Bf4 Rd8 18. a4 e5 19. Be3 Nc8 20. f4 f6 21. Bg4 Ne7 22. Bb6 Ra8 23. Rxd6 exf4 24. Be6 Nc8 25. Rd7 Nxb6 26. Rxb7 Nc8 27. Bd7+ Kd8 28. Bxc6 Ne7 29. Rxe7 Bxe7 30. Bxa8 g5 31. Rd1+ Ke8 32. hxg5 fxg5 33. Bc6+ Kf7 34. e5 g4 35. e6+ Kg6 36. Nd5 Bg5 37. e7 f3+ 38. Kb1 Bxe7 39. Nxe7+ Kg5 40. Rd5+ Kf6 41. Rf5+ Kxe7 42. Bxf3 1-0

[Event "Belgrade Premier League"]
[Site "Belgrade"]
[Date "2021.10.06"]
[Round "5.4"]
[White "Popovic, Aleksandar M"]
[Black "Radojicic, Aleksandar M"]
[Result "1/2-1/2"]
[WhiteElo "2209"]
[BlackElo "2036"]
[PlyCount "162"]
[EventDate "2021.10.01"]
[EventType "team-tourn"]
[EventRounds "11"]
[EventCountry "SRB"]
[SourceTitle "CBM 204 Extra"]
[Source "ChessBase"]
[SourceDate "2021.11.30"]
[SourceVersion "1"]
[SourceVersionDate "2021.11.30"]
[SourceQuality "1"]
[WhiteTeam "Belgrade Tehnicka Skola"]
[BlackTeam "Grocka"]
[WhiteTeamCountry "SRB"]
[BlackTeamCountry "SRB"]

1. e4 c5 2. Nf3 g6 3. Bc4 Bg7 4. c3 e6 5. 0-0 Ne7 6. e5 d5 7. exd6 Qxd6 8. d3 b6 9. Nbd2 h6 10. Ne4 Qc7 11. d4 Bb7 12. Re1 cxd4 13. Bb5+ Nbc6 14. cxd4 0-0 15. Be3 Rfd8 16. Qc1 Nf5 17. Bf4 Qd7 18. Ne5 Qd5 19. Bxc6 Bxc6 20. Qxc6 Bxe5 21. Qxd5 exd5 22. Bxe5 dxe4 23. Rxe4 Rac8 24. Rd1 Rd5 25. h3 Nd6 26. Ree1 Nf5 27. g4 Nh4 28. Re3 g5 29. Kf1 Ng6 30. Rde1 Nxe5 31. dxe5 Re8 32. R1e2 Re6 33. Kg2 Kg7 34. Kg3 Rd4 35. Rf3 Kg6 36. Rf5 h5 37. a3 Rd3+ 38. Kg2 Rd4 39. Kf3 h4 40. Re3 Rd2 41. b4 f6 42. Kg2 Rxe5 43. Rexe5 fxe5 44. Rxe5 Kf6 45. Rf5+ Kg6 46. Rf3 Ra2 47. Rc3 Kf6 48. Rc6+ Ke5 49. Rg6 Kf4 50. Rf6+ Ke4 51. Rf5 Rxa3 52. Rxg5 a6 53. Rh5 Rb3 54. Rxh4 Kf4 55. g5+ Kxg5 56. Rg4+ Kf5 57. f3 Rb1 58. h4 a5 59. bxa5 bxa5 60. Ra4 Rb4 61. Rxa5+ Kf4 62. Ra2 Rc4 63. Ra8 Rc2+ 64. Kh3 Kxf3 65. Rf8+ Ke4 66. h5 Ke5 67. Kh4 Rh2+ 68. Kg5 Rg2+ 69. Kh6 Rh2 70. Kg6 Rg2+ 71. Kh7 Ke6 72. h6 Ke7 73. Rg8 Ra2 74. Rg7+ Kf6 75. Rb7 Ra1 76. Rb6+ Kf7 77. Rb2 Rf1 78. Rg2 Kf8 79. Kh8 Rh1 80. Rf2+ Ke7 81. h7 Rh3 1/2-1/2

[Event "Belgrade-chT Quality"]
[Site "Belgrade"]
[Date "2020.10.25"]
[Round "6.1"]
[White "Lazarevic, Zoran Voj"]
[Black "Popovic, Aleksandar M"]
[Result "0-1"]
[WhiteElo "2132"]
[BlackElo "2208"]
[PlyCount "70"]
[EventDate "2020.10.09"]
[EventType "team-tourn"]
[EventRounds "9"]
[EventCountry "SRB"]
[SourceTitle "EXT 2022"]
[Source "ChessBase"]
[SourceDate "2021.10.06"]
[SourceVersion "1"]
[SourceVersionDate "2021.10.06"]
[SourceQuality "1"]
[WhiteTeam "Belgrade Bask"]
[BlackTeam "Belgrade Tehnicka Skola"]
[WhiteTeamCountry "SRB"]
[BlackTeamCountry "SRB"]

1. e4 g6 2. d4 Bg7 3. Nc3 d6 4. Nf3 Nf6 5. h3 c6 6. Be3 0-0 7. a4 Nbd7 8. Bc4 Nxe4 9. Nxe4 d5 10. Ned2 dxc4 11. Nxc4 Nb6 12. Nxb6 Qxb6 13. b3 Qa5+ 14. Qd2 Qxd2+ 15. Bxd2 c5 16. Be3 cxd4 17. Bxd4 e5 18. Bb2 Bf5 19. c3 Bc2 20. b4 Bd3 21. Rd1 Rad8 22. h4 h5 23. Ng5 e4 24. Rh3 Rfe8 25. Re3 f5 26. g3 Rc8 27. Rc1 b6 28. Nh3 Bc4 29. Nf4 Kf7 30. Ra1 a5 31. b5 Red8 32. f3 exf3 33. Rxf3 Re8+ 34. Kf2 Rcd8 35. Bc1 Rd1 0-1

[Event "Belgrade-chT"]
[Site "Belgrade"]
[Date "2019.09.25"]
[Round "3.7"]
[White "Popovic, Aleksandar M"]
[Black "Popovic, Milan S"]
[Result "1/2-1/2"]
[WhiteElo "2194"]
[BlackElo "2326"]
[PlyCount "32"]
[EventDate "2019.09.23"]
[EventType "team-tourn"]
[EventRounds "11"]
[EventCountry "SRB"]
[SourceTitle "EXT 2020"]
[Source "ChessBase"]
[SourceDate "2019.10.17"]
[SourceVersion "1"]
[SourceVersionDate "2019.10.17"]
[SourceQuality "1"]
[WhiteTeam "Belgrade PTT"]
[BlackTeam "Partizan"]
[WhiteTeamCountry "SRB"]
[BlackTeamCountry "SRB"]

1. Nf3 Nf6 2. g3 g6 3. Bg2 Bg7 4. 0-0 0-0 5. d3 d6 6. e4 c5 7. c4 Bg4 8. h3 Bxf3 9. Bxf3 Nc6 10. Nc3 Rb8 11. Bg2 Ne8 12. Bg5 Nc7 13. Qd2 b5 14. Rad1 f6 15. Be3 e5 16. b3 Qd7 1/2-1/2

[Event "Belgrade-chT"]
[Site "Belgrade"]
[Date "2019.09.24"]
[Round "2.3"]
[White "Martic, Ivan"]
[Black "Popovic, Aleksandar M"]
[Result "1/2-1/2"]
[WhiteElo "2394"]
[BlackElo "2194"]
[PlyCount "42"]
[EventDate "2019.09.23"]
[EventType "team-tourn"]
[EventRounds "11"]
[EventCountry "SRB"]
[SourceTitle "EXT 2020"]
[Source "ChessBase"]
[SourceDate "2019.10.17"]
[SourceVersion "1"]
[SourceVersionDate "2019.10.17"]
[SourceQuality "1"]
[WhiteTeam "Belgrade"]
[BlackTeam "Belgrade PTT"]
[WhiteTeamCountry "SRB"]
[BlackTeamCountry "SRB"]

1. d4 g6 2. Nf3 Bg7 3. c3 Nf6 4. Bg5 d6 5. Nbd2 0-0 6. e4 Nc6 7. Bb5 h6 8. Bh4 Bd7 9. 0-0 Qe8 10. Bc4 e5 11. Re1 Nh5 12. dxe5 dxe5 13. b4 Nd8 14. Bb3 Ne6 15. Nc4 f6 16. Qc2 Kh8 17. Rad1 Nhf4 18. Nfd2 b5 19. Na5 c5 20. Bxe6 Qxe6 21. Bg3 Rac8 1/2-1/2

[Event "Paracin Summer op-A 12th"]
[Site "Paracin"]
[Date "2019.07.11"]
[Round "8"]
[White "Popovic, Aleksandar M"]
[Black "Liu, Zhaoqi"]
[Result "0-1"]
[WhiteElo "2234"]
[BlackElo "2386"]
[PlyCount "50"]
[EventDate "2019.07.05"]
[EventType "swiss"]
[EventRounds "9"]
[EventCountry "SRB"]
[SourceTitle "CBM 191 Extra"]
[Source "ChessBase"]
[SourceDate "2019.09.30"]
[SourceVersion "1"]
[SourceVersionDate "2019.09.30"]
[SourceQuality "1"]

1. e4 e6 2. d4 d5 3. Nd2 Be7 4. Bd3 c5 5. Ngf3 Nf6 6. c3 cxd4 7. Nxd4 e5 8. N4f3 Nc6 9. 0-0 0-0 10. Qc2 Bg4 11. Re1 Rc8 12. exd5 Qxd5 13. Bc4 Qd7 14. Bb5 Bf5 15. Qa4 Bd6 16. Nc4 e4 17. Nfe5 Bxe5 18. Nxe5 Qc7 19. Nxc6 bxc6 20. Ba6 Ng4 21. g3 Ne5 22. Bf4 Nf3+ 23. Kh1 Qb6 24. g4 Nxe1 25. Rxe1 Bxg4 0-1

[Event "Paracin Summer op-A 12th"]
[Site "Paracin"]
[Date "2019.07.09"]
[Round "5"]
[White "Popovic, Aleksandar M"]
[Black "Munkhzul, Davaakhuu"]
[Result "0-1"]
[WhiteElo "2234"]
[BlackElo "1863"]
[PlyCount "58"]
[EventDate "2019.07.05"]
[EventType "swiss"]
[EventRounds "9"]
[EventCountry "SRB"]
[SourceTitle "CBM 191 Extra"]
[Source "ChessBase"]
[SourceDate "2019.09.30"]
[SourceVersion "1"]
[SourceVersionDate "2019.09.30"]
[SourceQuality "1"]

1. Nf3 Nf6 2. g3 e6 3. Bg2 Be7 4. 0-0 0-0 5. b3 d5 6. Bb2 c5 7. e3 Nbd7 8. c4 b6 9. Nc3 Bb7 10. d3 Qc7 11. Qe2 a6 12. cxd5 exd5 13. Rac1 b5 14. b4 c4 15. a3 Qb6 16. Nd4 Rfe8 17. Nf5 Bf8 18. Rfd1 a5 19. bxa5 Rxa5 20. Rb1 Nc5 21. dxc4 dxc4 22. Bxb7 Qxb7 23. a4 Qc8 24. Qf3 b4 25. Nb5 c3 26. Ba1 Nce4 27. Nfd6 Nxd6 28. Nxd6 Bxd6 29. Rxd6 Ne4 0-1

[Event "Belgrade ChessAmateur op 5th"]
[Site "Belgrade"]
[Date "2019.01.06"]
[Round "5"]
[White "Gurbanov, Andrei"]
[Black "Popovic, Aleksandar M"]
[Result "1/2-1/2"]
[WhiteElo "2296"]
[BlackElo "2238"]
[PlyCount "63"]
[EventDate "2019.01.04"]
[EventType "swiss"]
[EventRounds "9"]
[EventCountry "SRB"]
[SourceTitle "CBM 188 Extra"]
[Source "ChessBase"]
[SourceDate "2019.02.26"]
[SourceVersion "1"]
[SourceVersionDate "2019.02.26"]
[SourceQuality "1"]

1. d4 Nf6 2. Bg5 e6 3. e4 h6 4. Bxf6 Qxf6 5. Nc3 g6 6. Nf3 Bg7 7. e5 Qe7 8. Bd3 0-0 9. Qe2 d5 10. Nd1 c5 11. c3 a5 12. a3 b6 13. h4 Ba6 14. Bxa6 Rxa6 15. h5 g5 16. Ne3 Ra7 17. Ng4 cxd4 18. Nxd4 Rc7 19. Rh3 Rc4 20. Rf3 Rfc8 21. Nf6+ Bxf6 22. Rxf6 Nc6 23. Rd1 Qc5 24. Qe3 Nxd4 25. cxd4 Qf8 26. g3 Rc2 27. Qb3 a4 28. Qb5 Kg7 29. Kf1 Rc1 30. Rxc1 Rxc1+ 31. Kg2 Qc8 32. Rf3 1/2-1/2

[Event "Belgrade-chT Quality"]
[Site "Belgrade"]
[Date "2018.09.27"]
[Round "10.1"]
[White "Budisavljevic, Luka"]
[Black "Popovic, Aleksandar M"]
[Result "1-0"]
[WhiteElo "2317"]
[BlackElo "2248"]
[PlyCount "64"]
[EventDate "2018.09.17"]
[EventType "team-tourn"]
[EventRounds "11"]
[EventCountry "SRB"]
[SourceTitle "CBM 186 Extra"]
[Source "ChessBase"]
[SourceDate "2018.08.24"]
[SourceVersion "1"]
[SourceVersionDate "2018.08.24"]
[SourceQuality "1"]
[WhiteTeam "Bogoslov"]
[BlackTeam "Belgrade PTT"]
[WhiteTeamCountry "SRB"]
[BlackTeamCountry "SRB"]

1. d4 g6 2. Nf3 Bg7 3. c4 d6 4. Nc3 Nf6 5. e4 0-0 6. Be2 e5 7. dxe5 dxe5 8. Qxd8 Rxd8 9. Bg5 c6 10. Nxe5 Re8 11. 0-0-0 h6 12. Bxf6 Bxf6 13. Nd3 Bxc3 14. bxc3 f5 15. e5 Na6 16. Rhe1 Kg7 17. Bf3 Be6 18. Nf4 Nc5 19. Rd6 Re7 20. g4 Rae8 21. Rg1 fxg4 22. Bxg4 Bxg4 23. Rxg4 Rxe5 24. Rgxg6+ Kf7 25. Rgf6+ Kg7 26. Rg6+ Kf7 27. Rgf6+ Kg7 28. Rxh6 Re1+ 29. Kb2 R8e4 30. Rdg6+ Kf7 31. Rf6+ Ke8 32. h4 Rxc4 1-0

[Event "Belgrade-chT Quality"]
[Site "Belgrade"]
[Date "2018.09.24"]
[Round "7.1"]
[White "Kiproski, Branislav"]
[Black "Popovic, Aleksandar M"]
[Result "1/2-1/2"]
[WhiteElo "2264"]
[BlackElo "2248"]
[PlyCount "20"]
[EventDate "2018.09.17"]
[EventType "team-tourn"]
[EventRounds "11"]
[EventCountry "SRB"]
[SourceTitle "CBM 186 Extra"]
[Source "ChessBase"]
[SourceDate "2018.08.24"]
[SourceVersion "1"]
[SourceVersionDate "2018.08.24"]
[SourceQuality "1"]
[WhiteTeam "Tadic"]
[BlackTeam "Belgrade PTT"]
[WhiteTeamCountry "SRB"]
[BlackTeamCountry "SRB"]

1. d4 Nf6 2. Nf3 e6 3. g3 c5 4. Bg2 Nc6 5. c4 Qa5+ 6. Nc3 Ne4 7. Bd2 Nxd2 8. Qxd2 cxd4 9. Nxd4 Ne5 10. b3 Bb4 1/2-1/2

[Event "Paracin Summer op-A 11th"]
[Site "Paracin"]
[Date "2018.07.11"]
[Round "7"]
[White "Abramovic, Bosko"]
[Black "Popovic, Aleksandar M"]
[Result "1-0"]
[WhiteElo "2409"]
[BlackElo "2264"]
[PlyCount "74"]
[EventDate "2018.07.06"]
[EventType "swiss"]
[EventRounds "9"]
[EventCountry "SRB"]
[SourceTitle "CBM 185 Extra"]
[Source "ChessBase"]
[SourceDate "2018.07.29"]
[SourceVersion "1"]
[SourceVersionDate "2018.07.29"]
[SourceQuality "1"]

1. d4 Nf6 2. g3 g6 3. Bg2 Bg7 4. e4 d6 5. Nc3 0-0 6. Nge2 c5 7. dxc5 dxc5 8. Qxd8 Rxd8 9. Be3 Na6 10. h3 Ne8 11. 0-0 b6 12. Rad1 Bb7 13. a3 Nac7 14. f4 Nd6 15. e5 Bxg2 16. Kxg2 Nc4 17. Bc1 f5 18. exf6 exf6 19. b3 Nd6 20. Nd5 Nxd5 21. Rxd5 f5 22. Rfd1 Re8 23. Kf3 Nb5 24. a4 Nd4+ 25. Nxd4 Bxd4 26. g4 Rad8 27. Rxd8 Rxd8 28. Be3 Kf7 29. b4 Ke7 30. bxc5 Bxc5 31. Bxc5+ bxc5 32. Rxd8 Kxd8 33. gxf5 gxf5 34. Kg3 Ke7 35. Kh4 c4 36. Kg5 Ke6 37. c3 Kd5 1-0

[Event "Paracin Summer op-A 11th"]
[Site "Paracin"]
[Date "2018.07.07"]
[Round "2"]
[White "Popovic, Aleksandar M"]
[Black "Gadimbayli, Abdulla Azar"]
[Result "1/2-1/2"]
[WhiteElo "2264"]
[BlackElo "2420"]
[PlyCount "42"]
[EventDate "2018.07.06"]
[EventType "swiss"]
[EventRounds "9"]
[EventCountry "SRB"]
[SourceTitle "CBM 185 Extra"]
[Source "ChessBase"]
[SourceDate "2018.07.29"]
[SourceVersion "1"]
[SourceVersionDate "2018.07.29"]
[SourceQuality "1"]

1. Nf3 d5 2. c4 c6 3. b3 Nf6 4. Bb2 g6 5. cxd5 cxd5 6. g3 Bg7 7. Bg2 0-0 8. 0-0 Nc6 9. Ne5 Nxe5 10. Bxe5 Be6 11. d3 Qd7 12. Nd2 Bh3 13. Nf3 Rfc8 14. Qd2 Bxg2 15. Kxg2 Ne8 16. Bxg7 Nxg7 17. Rac1 Ne6 18. h4 h5 19. Qb4 b6 20. Ne5 Qb7 21. d4 a5 1/2-1/2

[Event "Paracin Summer op-A 11th"]
[Site "Paracin"]
[Date "2018.07.07"]
[Round "3"]
[White "Popovic, Aleksandar M"]
[Black "Stankovic, Milos"]
[Result "0-1"]
[WhiteElo "2264"]
[BlackElo "2420"]
[PlyCount "66"]
[EventDate "2018.07.06"]
[EventType "swiss"]
[EventRounds "9"]
[EventCountry "SRB"]
[SourceTitle "CBM 185 Extra"]
[Source "ChessBase"]
[SourceDate "2018.07.29"]
[SourceVersion "1"]
[SourceVersionDate "2018.07.29"]
[SourceQuality "1"]

1. Nf3 Nf6 2. g3 g6 3. b3 d5 4. Bb2 Bg7 5. c4 c6 6. Bg2 0-0 7. 0-0 Nbd7 8. d3 Re8 9. Nc3 e5 10. cxd5 cxd5 11. Rc1 Qa5 12. a3 Bh6 13. b4 Qa6 14. Nd2 d4 15. Ncb1 Nb6 16. Rc5 Nbd7 17. Ra5 Qe6 18. Nc4 a6 19. b5 b6 20. Bxa8 bxa5 21. Bc6 axb5 22. Nxa5 Ba6 23. Bg2 Rc8 24. Nd2 Nb6 25. Ndb3 Na4 26. Bc1 Nc3 27. Qe1 Bf8 28. Qd2 Qb6 29. e3 Bh6 30. Qe1 Nfd5 31. exd4 Bxc1 32. Qxe5 Bh6 33. Bxd5 Bg7 0-1

[Event "Belgrade Trophy 31st"]
[Site "Belgrade"]
[Date "2017.12.01"]
[Round "8"]
[White "Karisik, Nenad"]
[Black "Popovic, Aleksandar M"]
[Result "1/2-1/2"]
[WhiteElo "2179"]
[BlackElo "2263"]
[PlyCount "46"]
[EventDate "2017.11.24"]
[EventType "swiss"]
[EventRounds "9"]
[EventCountry "SRB"]
[SourceTitle "CBM 181 Extra"]
[Source "ChessBase"]
[SourceDate "2017.12.12"]
[SourceVersion "1"]
[SourceVersionDate "2017.12.12"]
[SourceQuality "1"]

1. e4 e5 2. Nf3 Nc6 3. Bb5 a6 4. Ba4 Nf6 5. 0-0 Be7 6. Re1 b5 7. Bb3 0-0 8. h3 Bb7 9. c3 d5 10. exd5 Nxd5 11. d3 Qd6 12. Nbd2 Rad8 13. Ne4 Qg6 14. Qe2 Kh8 15. Bc2 f5 16. Ng3 Nf4 17. Bxf4 exf4 18. Nf1 b4 19. d4 Bf6 20. Rad1 bxc3 21. bxc3 Rfe8 22. Qd3 Ne5 23. Rxe5 Rxe5 1/2-1/2

[Event "Belgrade Trophy 31st"]
[Site "Belgrade"]
[Date "2017.11.29"]
[Round "6"]
[White "Dorfanis, Ilarion"]
[Black "Popovic, Aleksandar M"]
[Result "1/2-1/2"]
[WhiteElo "2160"]
[BlackElo "2263"]
[PlyCount "44"]
[EventDate "2017.11.24"]
[EventType "swiss"]
[EventRounds "9"]
[EventCountry "SRB"]
[SourceTitle "CBM 181 Extra"]
[Source "ChessBase"]
[SourceDate "2017.12.12"]
[SourceVersion "1"]
[SourceVersionDate "2017.12.12"]
[SourceQuality "1"]

1. d4 g6 2. e4 Bg7 3. Nf3 d6 4. c3 Nf6 5. Bd3 0-0 6. 0-0 Nc6 7. Re1 e5 8. h3 Nh5 9. Be3 Nf4 10. Bf1 Qf6 11. Kh2 g5 12. g3 g4 13. gxf4 exf4 14. Bd2 gxf3 15. Qxf3 Bh6 16. Bd3 Kh8 17. Rg1 Qh4 18. Be2 f5 19. exf5 Ne7 20. Qh5 Nxf5 21. Qxh4 Nxh4 22. Bg4 Rg8 1/2-1/2

[Event "Palic Karadzic Memorial op"]
[Site "Palic"]
[Date "2017.11.03"]
[Round "9"]
[White "Arsovic, Zoran"]
[Black "Popovic, Aleksandar M"]
[Result "1-0"]
[WhiteElo "2449"]
[BlackElo "2263"]
[PlyCount "53"]
[EventDate "2017.10.28"]
[EventType "swiss"]
[EventRounds "9"]
[EventCountry "SRB"]
[SourceTitle "CBM 181 Extra"]
[Source "ChessBase"]
[SourceDate "2017.12.12"]
[SourceVersion "1"]
[SourceVersionDate "2017.12.12"]
[SourceQuality "1"]

1. Nf3 g6 2. d4 Bg7 3. c4 c5 4. e4 Nc6 5. dxc5 Nf6 6. Nc3 Qa5 7. Nd2 0-0 8. Nb3 Qd8 9. Be3 d6 10. cxd6 exd6 11. Be2 Re8 12. f3 Nh5 13. g4 Nf6 14. Qd2 Ne5 15. 0-0 Be6 16. g5 Nfd7 17. Nd5 Bxd5 18. cxd5 Nb6 19. Rac1 Rc8 20. Rxc8 Qxc8 21. Rc1 Nbc4 22. Qb4 Qh3 23. Qb5 Rf8 24. Bd4 Nd2 25. Nxd2 Ng4 26. fxg4 Bxd4+ 27. Kh1 1-0

[Event "Palic Karadzic Memorial op"]
[Site "Palic"]
[Date "2017.10.30"]
[Round "4"]
[White "Popovic, Aleksandar M"]
[Black "Konstantinov, Aleksandar1111"]
[Result "1-0"]
[WhiteElo "2263"]
[BlackElo "2164"]
[PlyCount "71"]
[EventDate "2017.10.28"]
[EventType "swiss"]
[EventRounds "9"]
[EventCountry "SRB"]
[SourceTitle "CBM 181 Extra"]
[Source "ChessBase"]
[SourceDate "2017.12.12"]
[SourceVersion "1"]
[SourceVersionDate "2017.12.12"]
[SourceQuality "1"]

1. Nf3 Nf6 2. g3 b6 3. Bg2 Bb7 4. c4 c5 5. 0-0 e6 6. b3 Be7 7. Nc3 0-0 8. d4 cxd4 9. Nb5 a6 10. Nbxd4 d6 11. Ba3 Nbd7 12. Rc1 Rc8 13. Qd2 Qc7 14. h3 h6 15. Qe3 Rfe8 16. Rfd1 Bf8 17. Rc2 Nc5 18. b4 Ncd7 19. Rcc1 Qb8 20. b5 a5 21. g4 d5 22. Bxf8 Rxf8 23. cxd5 Nxd5 24. Qd2 Nc5 25. e3 Ne4 26. Qb2 Ndc3 27. Rd3 e5 28. Nc6 Bxc6 29. bxc6 Rxc6 30. Rcxc3 Nxc3 31. Rxc3 Rxc3 32. Qxc3 Rc8 33. Qb2 f6 34. Nh4 Qd6 35. Qb3+ Kf8 36. Ng6+ 1-0